Medical informatics : computer applications in health care /

Bibliographic Details
Other Authors: Shortliffe, Edward Hance, Perreault, Leslie E., Wiederhold, Gio, Fagan, Lawrence Marvin
Format: Book
Language:English
Published: Reading, Mass. : Addison-Wesley Pub. Co., [1990]
Subjects:

MARC

Tag First Indicator Second Indicator Subfields
LEADER 00000cam a2200000 a 4500
001 in00004472976
005 20191202143237.0
008 891017s1990 maua b 00100 eng
010 |a  89018189  
020 |a 0201067412 
035 |a (OCoLC)20595331 
035 |9 AAE2470MS 
035 |z (UtOrBLW)13568 
035 |a 24152 
040 |a DLC  |c DLC  |d TMV  |d UtOrBLW 
049 |a TMVM  |c 1 
050 0 0 |a R858  |b .M397 1990 
060 4 |a W 26.5  |b M489 1990 
082 0 0 |a 610/.285  |2 20 
245 0 0 |a Medical informatics :  |b computer applications in health care /  |c Edward H. Shortliffe, Leslie E. Perreault, editors ; Gio Wiederhold, Lawrence M. Fagan, associate editors. 
264 1 |a Reading, Mass. :  |b Addison-Wesley Pub. Co.,  |c [1990] 
264 4 |c ©1990 
300 |a xx, 715 pages :  |b illustrations ;  |c 25 cm. 
336 |a text  |2 rdacontent  |b txt 
337 |a unmediated  |2 rdamedia 
338 |a volume  |2 rdacarrier  |b nc 
504 |a Includes bibliographical references (pages 671-691) and indexes. 
650 2 |a Medical Informatics. 
700 1 |a Shortliffe, Edward Hance. 
700 1 |a Perreault, Leslie E. 
700 1 |a Wiederhold, Gio. 
700 1 |a Fagan, Lawrence Marvin. 
999 |a MARS 
999 f f |s b72d5d08-f9a9-38da-8e8d-e96837efa8d2  |i cafb4786-8e64-34a0-8864-d887cce90961  |t 0 
952 f f |p ric  |a Texas A&M University  |b Rellis Campus  |c Joint Library Facility  |d Remote Storage  |t 0  |e W 26.5 M489 1990  |h National Library of Medicine classification  |i unmediated -- volume  |m 3238900960311 
998 f f |a W 26.5 M489 1990  |t 0  |l Remote Storage